Song to Disney Movie - Statistics

General Stats
  • This quiz has been taken 52 times
    51 since last reset
  • The average score is 9 of 11
Answer Stats
Hint Answer % Correct
Let it Go Frozen
95%
Bibbidi-Bobbidi-Boo Cinderella
91%
You're Welcome Moana
91%
Un Polo Loco Coco
89%
Remember Me Coco
82%
Nobody Like U Turning Red
80%
Shiny Moana
75%
U Know What's Up Turning Red
75%
What Else Can I Do? Encanto
68%
Show Yourself Frozen
64%
Dos oruguitas Encanto
61%
No matching quizzes found
Score Distribution
Percent of People with Each Score
Percentile by Number Answered
Your Score History
You have not taken this quiz since the last reset